00252nam a2200097Ia 4500008004100000100001900041245002700060260004300087942000700130999001700137190216s9999||||xx |||||||||||||| ||und|| aDr.Ram Shankar 0aHindi-Pranthiraj Binay bSahithya Pravarthaka Sahakarana Sangam cBK c18150d18150